[Event "Quebec-ch classe"]
[Site "Quebec CAN "]
[Date "2002.11.23"]
[Round "2"]
[White "Caire, Francois"]
[Black "Audet-Bouchard, Nicolas"]
[Result "1-0"]
[WhiteElo "2105"]
[BlackElo "1996"]
[PlyCount "53"]
[EventDate "2002.11.22"]
[EventType "swiss"]
[EventRounds "5"]
[EventCountry "CAN"]

1. d4 Nf6 2. c4 e6 3. Nc3 Bb4 4. Nf3 c5 5. e3 O-O 6. Bd3 d6 7. Qc2 Nc6 8. O-O
cxd4 9. exd4 e5 10. Bg5 h6 11. Bxf6 Qxf6 12. Nd5 Qd8 13. dxe5 dxe5 14. Nxe5 Bd6
15. Nxc6 bxc6 16. Ne3 Qg5 17. Bf5 Ba6 18. a3 g6 19. Bd7 Bb7 20. Rad1 Bf4 21.
Rfe1 Rad8 22. c5 Bb8 23. b4 f5 24. Nc4 Kh7 25. Na5 Qf4 26. g3 Qc7 27. Re7+ 1-0

[Event "Quebec-ch classe"]
[Site "Quebec CAN "]
[Date "2002.11.23"]
[Round "2"]
[White "Girard, Robin"]
[Black "Drolet, Stephane"]
[Result "1-0"]
[WhiteElo "2227"]
[BlackElo "2060"]
[PlyCount "61"]
[EventDate "2002.11.22"]
[EventType "swiss"]
[EventRounds "5"]
[EventCountry "CAN"]

1. e4 e6 2. d3 d5 3. Nd2 Nf6 4. Ngf3 dxe4 5. dxe4 Bc5 6. h3 e5 7. Bc4 O-O 8.
O-O Qe7 9. c3 Bb6 10. Re1 Nc6 11. b4 a6 12. Nf1 Be6 13. Qb3 Bxc4 14. Qxc4 Rfe8
15. Ng3 Qe6 16. Qe2 g6 17. Bh6 Nd7 18. Ng5 Qf6 19. Rad1 Nf8 20. Rd3 Ne6 21. Rf3
Nf4 22. Qc4 Nd8 23. Ne2 Nxe2+ 24. Rxe2 Qe7 25. Rd2 Ne6 26. Rxf7 Qxf7 27. Nxf7
Kxf7 28. Bg5 Kf8 29. Bf6 Kf7 30. Bxe5 Rad8 31. Bd4 1-0

[Event "Quebec-ch classe"]
[Site "Quebec CAN "]
[Date "2002.11.23"]
[Round "2"]
[White "Lemieux, Michel"]
[Black "Levesque, Claude"]
[Result "1-0"]
[WhiteElo "1851"]
[BlackElo "1810"]
[PlyCount "101"]
[EventDate "2002.11.22"]
[EventType "swiss"]
[EventRounds "5"]
[EventCountry "CAN"]

1. e4 g6 2. d4 Bg7 3. Nc3 d6 4. Be3 Nf6 5. f3 O-O 6. Qd2 c6 7. g4 Qa5 8. Bh6 b5
9. h4 b4 10. Nce2 Nbd7 11. Bxg7 Kxg7 12. Ng3 Rh8 13. h5 h6 14. N1e2 e5 15. g5
Ng8 16. Bh3 exd4 17. Bxd7 Bxd7 18. Qxd4+ Qe5 19. Qxe5+ dxe5 20. O-O-O Be6 21.
hxg6 Kxg6 22. gxh6 Rxh6 23. Rxh6+ Nxh6 24. Rd6 c5 25. f4 exf4 26. Nxf4+ Kf6 27.
Nxe6 fxe6 28. Rc6 Ke5 29. Rxc5+ Kf4 30. Nh5+ Ke3 31. Rc6 Ng4 32. Rd6 Nf2 33.
Rxe6 Rd8 34. b3 Rd1+ 35. Kb2 Rh1 36. Ng3 Nd1+ 37. Kc1 Re1 38. Nf5+ Ke2 39. Nd4+
Ke3 40. Nf5+ Kf2 41. Kd2 Nc3 42. Kd3 Nxa2 43. e5 Re2 44. Nd4 Re3+ 45. Kc4 a5
46. Rf6+ Kg2 47. e6 a4 48. bxa4 Rc3+ 49. Kd5 Rxc2 50. Nxc2 b3 51. Na3 1-0

[Event "Quebec-ch classe"]
[Site "Quebec CAN "]
[Date "2002.11.23"]
[Round "2"]
[White "Marcone, Malcom"]
[Black "Chabot, Roland"]
[Result "1/2-1/2"]
[WhiteElo "2065"]
[BlackElo "2140"]
[PlyCount "68"]
[EventDate "2002.11.22"]
[EventType "swiss"]
[EventRounds "5"]
[EventCountry "CAN"]

1. d4 f5 2. Bg5 g6 3. e3 Bg7 4. Bd3 d6 5. Ne2 c6 6. c3 Qc7 7. Qb3 Qb6 8. Nd2
Qxb3 9. axb3 Be6 10. Nc4 Bxc4 11. bxc4 e5 12. f3 Nd7 13. Kd2 Nh6 14. Ra2 Nf7
15. Bh4 O-O 16. Rha1 a6 17. b4 Rac8 18. b5 axb5 19. cxb5 c5 20. Ra7 Rb8 21. b6
Rfc8 22. d5 c4 23. Bc2 Nxb6 24. Rb1 Nxd5 25. Rbxb7 Rxb7 26. Rxb7 Bh6 27. Bf2
Ra8 28. Rb5 Nc7 29. Rb7 Ne6 30. Re7 Nc5 31. Nc1 d5 32. Rc7 Ra5 33. Bh4 Bf8 34.
Bf6 Ra6 1/2-1/2

[Event "Quebec-ch classe"]
[Site "Quebec CAN "]
[Date "2002.11.23"]
[Round "2"]
[White "Masse, Hugues"]
[Black "Schleifer, Michael"]
[Result "0-1"]
[WhiteElo "2117"]
[BlackElo "2356"]
[PlyCount "131"]
[EventDate "2002.11.22"]
[EventType "swiss"]
[EventRounds "5"]
[EventCountry "CAN"]

1. e4 c5 2. Nf3 e6 3. c3 Nf6 4. e5 Nd5 5. Bc4 Nb6 6. Bb3 d6 7. exd6 Bxd6 8. d4
O-O 9. dxc5 Bxc5 10. Qxd8 Rxd8 11. O-O Nc6 12. Nbd2 Bd7 13. Ne4 Be7 14. Rd1 Na5
15. Bc2 Bc6 16. Bf4 Nd5 17. Bd2 Nc4 18. Rab1 Nf6 19. Nxf6+ Bxf6 20. Be1 Rxd1
21. Bxd1 Be4 22. Ra1 Nxb2 23. Be2 Na4 24. Rc1 Rc8 25. c4 b5 26. c5 a6 27. Bb4
h6 28. Nd2 Bg5 29. Rd1 Bxd2 30. Rxd2 Nxc5 31. f3 Bg6 32. Rd6 a5 33. Bxa5 Nb7
34. Ra6 Rc1+ 35. Kf2 Rc2 36. Bb4 Bd3 37. Ra7 Rxe2+ 38. Kg3 Rb2 39. a3 Bf1 40.
Rxb7 Rxg2+ 41. Kf4 Rxh2 42. Rc7 Rh5 43. Rc1 Rf5+ 44. Kg3 Be2 45. f4 Bd3 46. Bc3
Rc5 47. Bd2 Bc4 48. Bb4 Rd5 49. Rc3 Rd1 50. Re3 Rb1 51. Kf2 Rb2+ 52. Kg3 Kh7
53. Rf3 Kg6 54. Rf2 Rb3+ 55. Rf3 Rb1 56. Bd6 Bd5 57. Rd3 Kf5 58. Kf2 g5 59.
fxg5 hxg5 60. Kg3 Kg6 61. Rd2 Rb3+ 62. Kf2 f5 63. Bb4 f4 64. Rc2 g4 65. Rc8 g3+
66. Ke1 0-1

[Event "Quebec-ch classe"]
[Site "Quebec CAN "]
[Date "2002.11.23"]
[Round "2"]
[White "Papineau (Granby), Daniel"]
[Black "Fecteau, Martin"]
[Result "1-0"]
[WhiteElo "1885"]
[BlackElo "1945"]
[PlyCount "77"]
[EventDate "2002.11.22"]
[EventType "swiss"]
[EventRounds "5"]
[EventCountry "CAN"]

1. d4 Nf6 2. c4 e6 3. Nc3 Bb4 4. f3 Bxc3+ 5. bxc3 d6 6. e4 Nbd7 7. Bd3 e5 8.
Ne2 Nh5 9. Be3 Qh4+ 10. Bf2 Qg5 11. g4 Nf4 12. Nxf4 Qxf4 13. Qe2 O-O 14. Be3
Qf6 15. h4 Qe7 16. g5 b6 17. h5 Bb7 18. O-O-O Kh8 19. g6 h6 20. Rdg1 f6 21.
Bxh6 gxh6 22. g7+ Qxg7 23. Rxg7 Kxg7 24. Qg2+ Kf7 25. Qg6+ Ke7 26. Qxh6 Rf7 27.
Qg6 Rh8 28. Bf1 Nf8 29. Qg4 Ne6 30. dxe5 fxe5 31. Bh3 Rh6 32. Rg1 Rhf6 33. Qh4
Nf4 34. Rh1 Nxh3 35. Rxh3 Kd7 36. Rg3 Rf4 37. Qh3+ Kc6 38. h6 Rh7 39. Rg7 1-0

[Event "Quebec-ch classe"]
[Site "Quebec CAN "]
[Date "2002.11.23"]
[Round "2"]
[White "Sauve, Richard"]
[Black "Boudreau, Daniel"]
[Result "1-0"]
[WhiteElo "1963"]
[BlackElo "1987"]
[PlyCount "93"]
[EventDate "2002.11.22"]
[EventType "swiss"]
[EventRounds "5"]
[EventCountry "CAN"]

1. d4 Nf6 2. c4 e6 3. Nc3 Bb4 4. Qc2 Bxc3+ 5. Qxc3 Ne4 6. Qc2 f5 7. Nf3 b6 8.
e3 Bb7 9. Bd3 O-O 10. O-O c5 11. b3 d6 12. Bb2 Nd7 13. Ne1 Qg5 14. Qe2 Qg6 15.
f3 Ng5 16. Bc2 Rae8 17. Nd3 h5 18. Nf4 Qh6 19. Rad1 cxd4 20. exd4 h4 21. h3 Nh7
22. Bc1 g5 23. Nd3 Nhf6 24. Qd2 Nh7 25. Ba3 Qf6 26. Bxd6 Qxd4+ 27. Nf2 Qxd2 28.
Rxd2 Rf7 29. Rfd1 Nhf6 30. Ba3 Kg7 31. Bb2 Kg6 32. Ng4 Nxg4 33. Rxd7 Ne3 34.
Rxf7 Kxf7 35. Rd7+ Re7 36. Rxe7+ Kxe7 37. Bd3 f4 38. Be5 Bc6 39. a4 a6 40. Bc7
b5 41. cxb5 axb5 42. axb5 Bd5 43. Bb6 Bxb3 44. Bxe3 fxe3 45. Kf1 Kd6 46. Ke2
Kc5 47. Kxe3 1-0

[Event "Quebec-ch classe"]
[Site "Quebec CAN "]
[Date "2002.11.23"]
[Round "3"]
[White "Chabot, Roland"]
[Black "Sauve, Richard"]
[Result "1/2-1/2"]
[WhiteElo "2140"]
[BlackElo "1963"]
[PlyCount "72"]
[EventDate "2002.11.22"]
[EventType "swiss"]
[EventRounds "5"]
[EventCountry "CAN"]

1. d4 e6 2. c4 d5 3. Nc3 c6 4. e3 Nf6 5. Nf3 Bd6 6. Bd3 O-O 7. O-O Nbd7 8. e4
dxe4 9. Nxe4 Nxe4 10. Bxe4 h6 11. Qc2 e5 12. Rd1 Qc7 13. c5 Be7 14. Be3 exd4
15. Bxd4 Bf6 16. Bxf6 Nxf6 17. Rd6 Nxe4 18. Qxe4 Be6 19. Nd4 Bd5 20. Qg4 Kh7
21. Nf5 Rg8 22. Qf4 Be6 23. Nd4 Rae8 24. Qe4+ Kh8 25. Nxe6 Rxe6 26. Rxe6 fxe6
27. Qxe6 Rd8 28. Re1 Qa5 29. Qe7 Rd5 30. Qe8+ Kh7 31. Qe4+ Kh8 32. Qb1 Qd8 33.
Qc1 Qg5 34. Re8+ Kh7 35. Qc2+ Qg6 36. Qxg6+ Kxg6 1/2-1/2

[Event "Quebec-ch classe"]
[Site "Quebec CAN "]
[Date "2002.11.23"]
[Round "3"]
[White "Fortier, Marc-Andre"]
[Black "Marcone, Malcom"]
[Result "1-0"]
[WhiteElo "2225"]
[BlackElo "2065"]
[PlyCount "111"]
[EventDate "2002.11.22"]
[EventType "swiss"]
[EventRounds "5"]
[EventCountry "CAN"]

1. d4 Nf6 2. c4 c5 3. Nf3 cxd4 4. Nxd4 e5 5. Nb5 d5 6. cxd5 Bc5 7. e3 O-O 8.
N5c3 Re8 9. Be2 e4 10. a3 Nbd7 11. b4 Bd6 12. Bb2 a6 13. Nd2 b5 14. Nb3 Nb6 15.
Na5 Bf8 16. Nxb5 axb5 17. Bxb5 Ba6 18. Bxe8 Nxe8 19. Qd4 Nf6 20. Nc6 Qc7 21.
Rc1 Nbxd5 22. a4 Bd3 23. g4 Qb6 24. g5 Qxd4 25. Bxd4 Nd7 26. f4 Nxb4 27. Nxb4
Bxb4+ 28. Kf2 Rxa4 29. Rc8+ Nf8 30. Rhc1 Ra2+ 31. Kg3 Ra6 32. Rd8 h6 33. Rcc8
hxg5 34. fxg5 Kh7 35. Rxf8 Bxf8 36. Rxf8 Kg6 37. Rg8 Kxg5 38. Rxg7+ Rg6 39.
Rxf7 Kh5+ 40. Kf2 Kh6 41. Be5 Re6 42. Bf4+ Kg6 43. Rf8 Rf6 44. Rg8+ Kf7 45. Rg5
Rg6 46. Rf5+ Rf6 47. Rc5 Kg6 48. Rg5+ Kf7 49. h4 Rg6 50. Rc5 Ra6 51. h5 Ra2+
52. Kg3 Ra1 53. h6 Rh1 54. Kg4 Be2+ 55. Kf5 Rh5+ 56. Bg5 1-0

[Event "Quebec-ch classe"]
[Site "Quebec CAN "]
[Date "2002.11.23"]
[Round "3"]
[White "Girard, Robin"]
[Black "Schleifer, Michael"]
[Result "1/2-1/2"]
[WhiteElo "2227"]
[BlackElo "2356"]
[PlyCount "52"]
[EventDate "2002.11.22"]
[EventType "swiss"]
[EventRounds "5"]
[EventCountry "CAN"]

1. d4 d5 2. c4 e6 3. Nc3 c5 4. cxd5 exd5 5. Nf3 Nc6 6. g3 Nf6 7. Bg2 Be7 8. O-O
O-O 9. dxc5 Bxc5 10. Bg5 d4 11. Na4 Be7 12. Rc1 h6 13. Bxf6 Bxf6 14. Nc5 Qb6
15. b3 Be7 16. Na4 Qd8 17. Qd3 g6 18. Rfd1 Bf6 19. a3 a5 20. Qb5 Ra6 21. Nd2
Na7 22. Qd3 Qe7 23. Nc5 Rb6 24. Na4 Ra6 25. Nc5 Rb6 26. Na4 Ra6 1/2-1/2

[Event "Quebec-ch classe"]
[Site "Quebec CAN "]
[Date "2002.11.23"]
[Round "3"]
[White "Masse, Hugues"]
[Black "Ramaswamy, Kishor"]
[Result "1/2-1/2"]
[WhiteElo "2117"]
[BlackElo "2038"]
[PlyCount "69"]
[EventDate "2002.11.22"]
[EventType "swiss"]
[EventRounds "5"]
[EventCountry "CAN"]

1. e4 c6 2. d4 d5 3. Nc3 dxe4 4. Nxe4 Bf5 5. Ng3 Bg6 6. Bc4 e6 7. N1e2 h6 8.
O-O Nf6 9. f4 Bd6 10. f5 exf5 11. Nxf5 Bxf5 12. Rxf5 Nbd7 13. c3 Nb6 14. Bb3
Nbd5 15. Rf3 Qc7 16. h3 O-O-O 17. Bxd5 Nxd5 18. Qf1 Nf6 19. Bf4 Bxf4 20. Nxf4
Rhe8 21. Nd3 Kb8 22. Re1 Rxe1 23. Qxe1 Re8 24. Re3 Rxe3 25. Qxe3 a6 26. Qe5 b5
27. Kf1 Kc8 28. Ke2 Qd8 29. Kd1 a5 30. Nc5 Qc7 31. Nd3 Qd7 32. Nc5 Qc7 33. Qf5+
Kd8 34. Ne4 Nd5 35. Qf3 1/2-1/2

[Event "Quebec-ch classe"]
[Site "Quebec CAN "]
[Date "2002.11.24"]
[Round "4"]
[White "Caire, Francois"]
[Black "Drolet, Stephane"]
[Result "1/2-1/2"]
[WhiteElo "2105"]
[BlackElo "2060"]
[PlyCount "61"]
[EventDate "2002.11.22"]
[EventType "swiss"]
[EventRounds "5"]
[EventCountry "CAN"]

1. d4 d5 2. c4 c6 3. Nf3 e6 4. e3 Nf6 5. Nc3 Nbd7 6. Bd3 dxc4 7. Bxc4 b5 8. Bb3
Bb7 9. O-O Be7 10. Re1 O-O 11. e4 b4 12. Na4 c5 13. e5 Nd5 14. Qd3 cxd4 15. Bc2
g6 16. Bh6 Re8 17. Rac1 N5b6 18. Qxd4 Bxf3 19. gxf3 Bg5 20. Nxb6 axb6 21. Bxg5
Qxg5+ 22. Kh1 Qe7 23. Be4 Rac8 24. Bc6 Red8 25. Bxd7 Rxc1 26. Rxc1 Rxd7 27. Qe3
Qd8 28. Qf4 Rd4 29. Qf6 Rd1+ 30. Rxd1 Qxd1+ 31. Kg2 1/2-1/2

[Event "Quebec-ch classe"]
[Site "Quebec CAN "]
[Date "2002.11.24"]
[Round "4"]
[White "Delisle, Louis-Martin"]
[Black "Arteau, Benoit"]
[Result "1-0"]
[WhiteElo "1527"]
[BlackElo "1730"]
[PlyCount "97"]
[EventDate "2002.11.22"]
[EventType "swiss"]
[EventRounds "5"]
[EventCountry "CAN"]

1. f4 Nf6 2. b3 d5 3. Nf3 c5 4. e3 Nc6 5. Bb5 Bd7 6. Bb2 e6 7. O-O Be7 8. d3
O-O 9. Bxc6 Bxc6 10. Ne5 Be8 11. Nd2 Nd7 12. Ndf3 f6 13. Ng4 b5 14. Qe1 a5 15.
Qg3 a4 16. Nh4 a3 17. Bc3 b4 18. Bd2 f5 19. Nf3 fxg4 20. Qxg4 Bf7 21. Qh3 Bf6
22. Rad1 Qb6 23. g4 Rfe8 24. Kh1 e5 25. g5 Be7 26. f5 e4 27. g6 hxg6 28. fxg6
Bxg6 29. Qxd7 Rad8 30. Qg4 exf3 31. Rxf3 Bf7 32. Rg3 Qf6 33. Rdg1 Bf8 34. e4
Be6 35. Qh5 Qf7 36. Qe2 dxe4 37. dxe4 Qd7 38. Bh6 Re7 39. Bg5 Ree8 40. Bf6 Rc8
41. Qh5 Qf7 42. Qh6 Rc7 43. Rg5 Qd7 44. Rh5 Bg4 45. Qh7+ Kf7 46. Rf1 Bxh5 47.
Bg5+ Ke6 48. Qf5+ Kd6 49. Qd5# 1-0

[Event "Quebec-ch classe"]
[Site "Quebec CAN "]
[Date "2002.11.24"]
[Round "4"]
[White "Fortier, Marc-Andre"]
[Black "Schleifer, Michael"]
[Result "1-0"]
[WhiteElo "2225"]
[BlackElo "2356"]
[PlyCount "107"]
[EventDate "2002.11.22"]
[EventType "swiss"]
[EventRounds "5"]
[EventCountry "CAN"]

1. e4 e5 2. Nf3 Nc6 3. Bb5 a6 4. Ba4 Nf6 5. O-O b5 6. Bb3 Be7 7. Re1 d6 8. c3
O-O 9. h3 Bb7 10. d4 h6 11. Nbd2 Re8 12. a4 Bf8 13. Bc2 exd4 14. Nxd4 Nxd4 15.
cxd4 c5 16. d5 Qe7 17. Nf3 Nd7 18. b3 Ne5 19. Bb2 Ng6 20. axb5 axb5 21. Qd3 Qd7
22. Rxa8 Rxa8 23. Bb1 Re8 24. Qf1 Ba6 25. Nd2 Rc8 26. Re3 Qa7 27. Qe2 c4 28. b4
Be7 29. Nf3 Bf8 30. Bd4 Qc7 31. Ra3 Bb7 32. Bc3 Re8 33. Qd2 Bc8 34. Nd4 Bd7 35.
Ra5 Qb8 36. f4 Be7 37. Kh2 Bf6 38. g3 Qb6 39. Qb2 Rb8 40. Qa1 h5 41. h4 Qd8 42.
Nf3 Bxc3 43. Qxc3 Bg4 44. Ng5 Qb6 45. Kg2 Re8 46. Ra2 f6 47. Nf3 f5 48. Ng5
fxe4 49. Bxe4 Ne7 50. Bh7+ Kh8 51. Qc2 Rf8 52. Ra8 Bc8 53. Rxc8 Nxc8 54. Bg8
1-0

[Event "Quebec-ch classe"]
[Site "Quebec CAN "]
[Date "2002.11.24"]
[Round "4"]
[White "Marcone, Malcom"]
[Black "Angers, Gilles"]
[Result "0-1"]
[WhiteElo "2065"]
[BlackElo "1981"]
[PlyCount "50"]
[EventDate "2002.11.22"]
[EventType "swiss"]
[EventRounds "5"]
[EventCountry "CAN"]

1. d4 Nf6 2. c4 c5 3. d5 b5 4. cxb5 a6 5. b6 e6 6. Nc3 Bb7 7. e4 exd5 8. exd5
d6 9. a4 a5 10. Bb5+ Nbd7 11. Bg5 Be7 12. Bxf6 Bxf6 13. Ne4 Qe7 14. Qe2 O-O-O
15. O-O-O Nxb6 16. Nxf6 Qxf6 17. Ba6 Qf4+ 18. Kb1 Qxa4 19. Nf3 Rhe8 20. Qd3 Qe4
21. Qxe4 Rxe4 22. Bxb7+ Kxb7 23. Ng5 Rg4 24. Nxf7 Rd7 25. Nh8 Rf4 0-1

[Event "Quebec-ch classe"]
[Site "Quebec CAN "]
[Date "2002.11.24"]
[Round "4"]
[White "Sauve, Richard"]
[Black "Masse, Hugues"]
[Result "1/2-1/2"]
[WhiteElo "1963"]
[BlackElo "2117"]
[PlyCount "112"]
[EventDate "2002.11.22"]
[EventType "swiss"]
[EventRounds "5"]
[EventCountry "CAN"]

1. d4 Nf6 2. c4 g6 3. Nc3 d5 4. cxd5 Nxd5 5. e4 Nxc3 6. bxc3 Bg7 7. Bd3 c5 8.
Ne2 O-O 9. Be3 cxd4 10. cxd4 e6 11. O-O Nc6 12. Qa4 Bd7 13. Qa3 Qa5 14. Qxa5
Nxa5 15. Rab1 Rfc8 16. Bd2 Nc4 17. Bf4 Nb6 18. Bd6 Bf8 19. Bxf8 Kxf8 20. Rb4
Rc7 21. Rfb1 Rac8 22. Kf1 Ke7 23. Ke1 Ba4 24. R1b2 Bc6 25. f3 Nd7 26. Rb1 b6
27. Kd2 Ba8 28. R4b3 Nb8 29. Nc3 Nc6 30. Ne2 Na5 31. Ra3 f5 32. Ke3 Bb7 33. g4
fxe4 34. fxe4 g5 35. h4 gxh4 36. Rh1 Kf6 37. Rxh4 e5 38. Rh6+ Kg7 39. g5 Re8
40. d5 Bc8 41. Ng3 Bg4 42. Be2 Bxe2 43. Kxe2 Rc2+ 44. Kf3 Rf8+ 45. Nf5+ Kg8 46.
Re6 Nc4 47. Rxa7 Nd2+ 48. Ke3 Nf1+ 49. Kd3 Rd2+ 50. Kc3 Rd1 51. Ree7 Rc8+ 52.
Kb3 Rb1+ 53. Ka3 Rc3+ 54. Ka4 Rc4+ 55. Ka3 Rc3+ 56. Ka4 Rc4+ 1/2-1/2

[Event "Quebec-ch classe"]
[Site "Quebec CAN "]
[Date "2002.11.24"]
[Round "5"]
[White "Angers, Gilles"]
[Black "Saint Amand, Paul"]
[Result "1/2-1/2"]
[WhiteElo "1981"]
[BlackElo "2117"]
[PlyCount "40"]
[EventDate "2002.11.22"]
[EventType "swiss"]
[EventRounds "5"]
[EventCountry "CAN"]

1. e4 c5 2. Nc3 Nc6 3. g3 g6 4. Bg2 Bg7 5. f4 d6 6. d3 e5 7. Nh3 Nge7 8. O-O
exf4 9. Nxf4 O-O 10. Be3 Ne5 11. h3 Rb8 12. Ncd5 Nxd5 13. Nxd5 h6 14. g4 Be6
15. Nf4 Bd7 16. Nd5 Be6 17. Nf4 Bd7 18. Nd5 Bc6 19. Nf4 b5 20. Qe1 Qe7 1/2-1/2

[Event "Quebec-ch classe"]
[Site "Quebec CAN "]
[Date "2002.11.24"]
[Round "5"]
[White "Ouellet, Michel"]
[Black "Rodriguez, Aaron"]
[Result "1-0"]
[WhiteElo "1730"]
[BlackElo "1797"]
[PlyCount "83"]
[EventDate "2002.11.22"]
[EventType "swiss"]
[EventRounds "5"]
[EventCountry "CAN"]

1. e4 g6 2. d4 Bg7 3. Nc3 d6 4. Be3 Nf6 5. f3 O-O 6. Qd2 Nc6 7. O-O-O e5 8. d5
Ne7 9. g4 a6 10. Nge2 b5 11. Ng3 Bd7 12. Bh6 Ne8 13. h4 f6 14. Bxg7 Nxg7 15.
Be2 b4 16. Nb1 a5 17. Rdg1 Qb8 18. g5 f5 19. exf5 Nexf5 20. Ne4 Nh5 21. f4 Nfg7
22. fxe5 dxe5 23. Nf6+ Nxf6 24. gxf6 Rxf6 25. h5 Bf5 26. hxg6 hxg6 27. Bc4 Rd6
28. Rh6 Qb6 29. Rgh1 Kf7 30. Qe2 Qd4 31. R6h4 e4 32. Nd2 Re8 33. Rf1 Qf6 34.
Rxe4 Ra8 35. Re3 Qh4 36. Ne4 Rd7 37. d6+ Kf8 38. Qf3 Nh5 39. Nc5 Rad8 40. Ne6+
Ke8 41. Nxd8+ Kxd8 42. Qa8# 1-0

[Event "Quebec-ch inv."]
[Site "Montreal CAN"]
[Date "2002.06.15"]
[Round "1"]
[White "Cuartas, Carlos"]
[Black "Times, Jerald"]
[Result "0-1"]
[WhiteElo "2307"]
[BlackElo "2359"]
[PlyCount "128"]
[EventDate "2002.06.15"]
[EventType "tourn"]
[EventRounds "9"]
[EventCountry "CAN"]
[EventCategory "6"]

1. e4 c6 2. d3 d5 3. Nd2 e5 4. Ngf3 Bd6 5. c3 Nf6 6. Be2 O-O 7. Qc2 Re8 8. h3
Nbd7 9. Nf1 Nh5 10. g3 g6 11. Ne3 Ndf6 12. Ng2 Bf8 13. Bg5 h6 14. Be3 c5 15. c4
d4 16. Bd2 Nd7 17. Nh2 Nhf6 18. Ng4 Kh7 19. Nh4 Ng8 20. Nh2 Nb8 21. Bg4 Be7 22.
N2f3 Nc6 23. Bxc8 Rxc8 24. a3 a6 25. O-O Rf8 26. Rae1 f5 27. exf5 gxf5 28. Ng2
Bd6 29. Nfh4 f4 30. Qd1 Qd7 31. g4 h5 32. Qf3 hxg4 33. hxg4 Kg7 34. Nf5+ Rxf5
35. gxf5 Qxf5 36. Nh4 Qf6 37. Qg4+ Kf7 38. Qf5 Nce7 39. Qh5+ Ke6 40. Qg4+ Kf7
41. Qh5+ Ke6 42. f3 Nh6 43. Ng2 Kd7 44. Kf2 Nhf5 45. Rh1 Kc6 46. Qh7 Ng6 47.
Qh3 Rg8 48. Reg1 Ng3 49. Qg4 Ne7 50. Qh3 Nef5 51. Rh2 Ne3 52. Qh6 Qf5 53. Qh7
Rg6 54. Ne1 Nd1+ 55. Kg2 Ne2+ 56. Kf1 Nxg1 57. Rg2 Rg5 58. Qxf5 Rxf5 59. Rxg1
Nxb2 60. Rg6 Rh5 61. Kg2 b5 62. cxb5+ axb5 63. Ba5 Rh7 64. Bd8 Kd5 0-1

[Event "Quebec-ch inv."]
[Site "Montreal CAN"]
[Date "2002.06.15"]
[Round "1"]
[White "Voskanyan, Vahagn"]
[Black "Barbeau, Sylvain"]
[Result "0-1"]
[WhiteElo "2315"]
[BlackElo "2397"]
[PlyCount "78"]
[EventDate "2002.06.15"]
[EventType "tourn"]
[EventRounds "9"]
[EventCountry "CAN"]
[EventCategory "6"]

1. d4 Nf6 2. Bf4 g6 3. Nf3 Bg7 4. Nbd2 O-O 5. e4 d6 6. Bd3 Nc6 7. O-O Nh5 8.
Be3 e5 9. Nb3 Bg4 10. c3 Qf6 11. h3 Bxf3 12. Qxf3 Qxf3 13. gxf3 f5 14. Bb5 fxe4
15. fxe4 Nf4 16. Bxc6 bxc6 17. Bxf4 Rxf4 18. f3 Rb8 19. Rf2 Rb5 20. Rd1 Bf6 21.
Rd3 Kf7 22. dxe5 Rxe5 23. Nd4 Rh5 24. Nxc6 Rxh3 25. Rh2 Rhxf3 26. Rxh7+ Ke6 27.
Rxf3 Rxf3 28. Rxc7 Re3 29. Rxa7 g5 30. Ra4 Re2 31. Rb4 g4 32. Nd4+ Bxd4+ 33.
cxd4 Kf6 34. e5+ dxe5 35. dxe5+ Kg5 36. Kf1 Rxe5 37. Rc4 Kh4 38. Rc3 Rd5 39. a4
Rd2 0-1

[Event "Quebec-ch inv."]
[Site "Montreal CAN"]
[Date "2002.06.16"]
[Round "2"]
[White "Times, Jerald"]
[Black "Lazarev, Vladimir"]
[Result "0-1"]
[WhiteElo "2359"]
[BlackElo "2449"]
[PlyCount "122"]
[EventDate "2002.06.15"]
[EventType "tourn"]
[EventRounds "9"]
[EventCountry "CAN"]
[EventCategory "6"]

1. c4 c5 2. g3 Nc6 3. Bg2 g6 4. Nc3 Bg7 5. a3 b6 6. b4 Bb7 7. Rb1 d6 8. Bb2 Qd7
9. Nd5 Bxb2 10. Rxb2 e6 11. Ne3 f5 12. h4 Nf6 13. Nh3 e5 14. Nd5 Nxd5 15. cxd5
Ne7 16. Qb3 c4 17. Qa2 Nxd5 18. O-O b5 19. Rc1 Nb6 20. Bxb7 Qxb7 21. d3 d5 22.
Ng5 Qe7 23. dxc4 dxc4 24. Rd2 O-O 25. Rcd1 Rad8 26. Qa1 Rxd2 27. Rxd2 Rc8 28.
Qc3 e4 29. Qd4 c3 30. Rc2 Rc4 31. Qd1 Qd7 32. Qc1 Na4 33. Kh2 Rd4 34. Rxc3 Nxc3
35. Qxc3 Rc4 36. Qf6 Rc6 37. Qe5 Rc8 38. Qf6 e3 39. fxe3 Re8 40. Qc3 Qe7 41.
Qb3+ Kg7 42. Qd5 h6 43. Nh3 Qxe3 44. Nf4 g5 45. Ng2 Qe5 46. Qb7+ Re7 47. Qc8
gxh4 48. Nxh4 Qxe2+ 49. Ng2 Rf7 50. Qc3+ Kh7 51. Qd4 Qh5+ 52. Nh4 f4 53. Qd3+
Kg8 54. Kh3 fxg3 55. Qxg3+ Qg5 56. Qb3 h5 57. Qe6 Kg7 58. Qe1 Rd7 59. Qa1+ Kg8
60. Qa2+ Qd5 61. Qc2 Qd3+ 0-1

[Event "Quebec-ch inv."]
[Site "Montreal CAN"]
[Date "2002.06.16"]
[Round "2"]
[White "Voskanyan, Vahagn"]
[Black "Linskiy, Oleg"]
[Result "0-1"]
[WhiteElo "2315"]
[BlackElo "2417"]
[PlyCount "72"]
[EventDate "2002.06.15"]
[EventType "tourn"]
[EventRounds "9"]
[EventCountry "CAN"]
[EventCategory "6"]

1. e4 c5 2. Nf3 d6 3. d4 cxd4 4. Nxd4 Nf6 5. Nc3 g6 6. Be2 Bg7 7. Be3 Nc6 8.
Nb3 O-O 9. O-O Be6 10. f4 Na5 11. Bd4 Rc8 12. Nxa5 Qxa5 13. Kh1 Rfe8 14. a3 a6
15. Qe1 Bc4 16. Bd3 Qh5 17. Rf3 Ng4 18. Bg1 Qa5 19. h3 Bxd3 20. Rxd3 Nf6 21.
Bd4 Nh5 22. Bxg7 Kxg7 23. Qf2 Qc5 24. Qf3 Qb6 25. Rb1 e6 26. e5 dxe5 27. fxe5
Rc4 28. Ne4 Rf8 29. g4 Qc6 30. Re1 f5 31. Ng5 Ng3+ 32. Kh2 Ne4 33. Rd6 Nxg5 34.
Qd3 Rxc2+ 35. Re2 Rxe2+ 36. Qxe2 Qe4 0-1

[Event "Quebec-ch inv."]
[Site "Montreal CAN"]
[Date "2002.06.17"]
[Round "3"]
[White "Linskiy, Oleg"]
[Black "Barbeau, Sylvain"]
[Result "1/2-1/2"]
[WhiteElo "2417"]
[BlackElo "2397"]
[PlyCount "69"]
[EventDate "2002.06.15"]
[EventType "tourn"]
[EventRounds "9"]
[EventCountry "CAN"]
[EventCategory "6"]

1. e4 e5 2. Nf3 Nc6 3. Bc4 Nf6 4. d3 h6 5. O-O d6 6. c3 g6 7. d4 Qe7 8. Nbd2
Bg7 9. Re1 O-O 10. h3 Bd7 11. Nf1 Rae8 12. Ng3 Nh7 13. dxe5 Nxe5 14. Nxe5 dxe5
15. Be3 Ng5 16. Qe2 Ne6 17. Rad1 Rd8 18. Rd2 Bc8 19. Rxd8 Rxd8 20. Rd1 a6 21.
Rd2 h5 22. Qd1 Bf6 23. Rxd8+ Qxd8 24. Qd5 c6 25. Qxd8+ Bxd8 26. Ne2 Kf8 27. b4
b5 28. Bb3 a5 29. a3 axb4 30. axb4 Ke7 31. h4 Bc7 32. f3 Bd6 33. Kf2 Nd8 34.
Nc1 Be6 35. g3 1/2-1/2

[Event "Quebec-ch inv."]
[Site "Montreal CAN"]
[Date "2002.06.18"]
[Round "4"]
[White "Barbeau, Sylvain"]
[Black "Times, Jerald"]
[Result "1-0"]
[WhiteElo "2397"]
[BlackElo "2359"]
[PlyCount "75"]
[EventDate "2002.06.15"]
[EventType "tourn"]
[EventRounds "9"]
[EventCountry "CAN"]
[EventCategory "6"]

1. e4 c6 2. d4 d5 3. exd5 cxd5 4. c4 Nf6 5. Nc3 Nc6 6. Bg5 Qa5 7. Qd2 Be6 8. c5
g6 9. Bb5 Bg7 10. Nge2 h6 11. Be3 Bd7 12. f3 Rd8 13. O-O h5 14. a3 O-O 15. Bg5
Bc8 16. Rfe1 Qc7 17. Rad1 e5 18. Bxc6 bxc6 19. dxe5 Qxe5 20. Bf4 Qf5 21. Bc7 d4
22. Bxd8 Rxd8 23. Nxd4 Qxc5 24. Qf2 Ng4 25. fxg4 Rxd4 26. Ne2 Rxd1 27. Rxd1
Qxf2+ 28. Kxf2 Bxg4 29. b4 Be5 30. h3 Be6 31. Nd4 Bd5 32. g4 hxg4 33. hxg4 Kf8
34. Ke3 Ke7 35. Rc1 Kd7 36. Kd3 Kd6 37. Rc5 Kc7 38. Nxc6 1-0